[Event "Kazan-ch"]
[Site "Kazan"]
[Date "2006.12.02"]
[Round "7"]
[White "Piraev, Philip"]
[Black "Fedorov, Evgueny"]
[Result "1-0"]
[WhiteElo "2329"]
[BlackElo "2190"]
[PlyCount "72"]
[EventDate "2006.11.21"]
[EventType "swiss"]
[EventRounds "11"]
[EventCountry "RUS"]
[SourceTitle "EXT 2019"]
[Source "ChessBase"]
[SourceDate "2018.10.10"]
[SourceVersion "1"]
[SourceVersionDate "2018.10.10"]
[SourceQuality "1"]

1. e4 Nf6 2. e5 Nd5 3. d4 d6 4. Nf3 Nb6 5. Be2 g6 6. a4 a5 7. Be3 Bg7 8. Qd2 dxe5 9. Nxe5 Bxe5 10. dxe5 Qxd2+ 11. Nxd2 Nc6 12. Bxb6 cxb6 13. Nc4 Ra6 14. 0-0-0 0-0 15. Ne3 Ra7 16. f4 Be6 17. g4 f5 18. exf6 exf6 19. Rd6 Bf7 20. Rxf6 Raa8 21. Bf3 Nd4 22. Bxb7 Rae8 23. Re1 Re7 24. Rd6 Nxc2 25. Nxc2 Rxb7 26. Nd4 Rc8+ 27. Kd2 Rbc7 28. Re3 Rc4 29. b3 Rc1 30. Rxb6 Rh1 31. Nc6 Kg7 32. h3 Rh2+ 33. Kd3 Rf2 34. Ke4 Rd2 35. Rd3 Rf2 36. Ne5 g5 1-0

[Event "Kazan-ch"]
[Site "Kazan"]
[Date "2006.11.26"]
[Round "4"]
[White "Piraev, Philip"]
[Black "Gatin, Ravil"]
[Result "1/2-1/2"]
[WhiteElo "2329"]
[BlackElo "2193"]
[PlyCount "87"]
[EventDate "2006.11.21"]
[EventType "swiss"]
[EventRounds "11"]
[EventCountry "RUS"]
[SourceTitle "EXT 2019"]
[Source "ChessBase"]
[SourceDate "2018.10.10"]
[SourceVersion "1"]
[SourceVersionDate "2018.10.10"]
[SourceQuality "1"]

1. e4 c5 2. Nf3 Nc6 3. d4 cxd4 4. Nxd4 g6 5. Nc3 Bg7 6. Be3 Nf6 7. Be2 0-0 8. Nb3 d6 9. 0-0 Be6 10. f4 Na5 11. Nxa5 Qxa5 12. Rb1 Rfc8 13. Bd4 Bc4 14. Kh1 e5 15. fxe5 dxe5 16. Bg1 Qa6 17. Bd3 Rd8 18. Bxc4 Qxc4 19. Qf3 b6 20. b3 Qe6 21. Rbd1 Rac8 22. Nd5 Rxc2 23. a4 Nxd5 24. Rxd5 Rxd5 25. exd5 Qd7 26. a5 bxa5 27. Ra1 Qc7 28. Qd1 Bf8 29. Bxa7 Qc3 30. Bb6 Bb4 31. Qf1 e4 32. d6 Bxd6 33. Bxa5 Qd3 34. Qg1 e3 35. Bb6 Rf2 36. Ra8+ Kg7 37. g3 Qc3 38. Qg2 e2 39. Bxf2 e1Q+ 40. Bxe1 Qxe1+ 41. Qg1 Qb4 42. Qg2 Qe1+ 43. Qg1 Qe4+ 44. Qg2 1/2-1/2

[Event "RUS-ch sf"]
[Site "Tula"]
[Date "2003.??.??"]
[Round "8"]
[White "Nikolenko, Oleg"]
[Black "Piraev, Philip"]
[Result "1-0"]
[WhiteElo "2522"]
[BlackElo "2384"]
[PlyCount "39"]
[EventDate "2003.03.??"]
[EventType "swiss"]
[EventRounds "9"]
[EventCountry "RUS"]
[SourceTitle "EXT 2004"]
[Source "ChessBase"]
[SourceDate "2003.11.25"]
[SourceVersion "1"]
[SourceVersionDate "2003.11.25"]
[SourceQuality "1"]

1. e4 c5 2. Nf3 Qb6 3. Nc3 Nc6 4. Bb5 e6 5. 0-0 d6 6. Re1 Bd7 7. Bxc6 Bxc6 8. Nd5 Bxd5 9. exd5 e5 10. c3 f6 11. d4 Ne7 12. Qa4+ Kf7 13. Qd7 g6 14. Bg5 fxg5 15. Nxg5+ Kf6 16. f4 h5 17. dxe5+ dxe5 18. d6 c4+ 19. Kh1 exf4 20. Ne4+ 1-0

[Event "RUS-ch sf"]
[Site "Tula"]
[Date "2003.??.??"]
[Round "3"]
[White "Piraev, Philip"]
[Black "Dvalishvili, Pavel S"]
[Result "0-1"]
[WhiteElo "2384"]
[BlackElo "2432"]
[PlyCount "78"]
[EventDate "2003.03.??"]
[EventType "swiss"]
[EventRounds "9"]
[EventCountry "RUS"]
[SourceTitle "EXT 2004"]
[Source "ChessBase"]
[SourceDate "2003.11.25"]
[SourceVersion "1"]
[SourceVersionDate "2003.11.25"]
[SourceQuality "1"]

1. e4 e5 2. Nf3 Nf6 3. Nxe5 d6 4. Nf3 Nxe4 5. d3 Nf6 6. d4 Bg4 7. Be2 Be7 8. h3 Bh5 9. Nc3 c6 10. a4 d5 11. g4 Bg6 12. Ne5 Nbd7 13. h4 h6 14. Nxg6 fxg6 15. Qd3 Nf8 16. Bf4 Qd7 17. Rg1 Ng8 18. g5 h5 19. Be5 Bd6 20. Bf1 Bxe5 21. Bh3 Qf7 22. dxe5 Ne6 23. Ne2 Ne7 24. Bxe6 Qxe6 25. f4 0-0 26. 0-0-0 c5 27. Rgf1 Rad8 28. Rf2 Nf5 29. Qb5 b6 30. Rh1 d4 31. b3 Kh7 32. Kb2 Qd5 33. Rh3 Ne3 34. Qd3 c4 35. bxc4 Nxc4+ 36. Kb1 Nxe5 37. Qb5 Qd6 38. Rg3 Nc4 39. Nc1 d3 0-1

[Event "RUS-ch sf"]
[Site "Tula"]
[Date "2003.??.??"]
[Round "2"]
[White "Tishin, Petr"]
[Black "Piraev, Philip"]
[Result "1/2-1/2"]
[WhiteElo "2502"]
[BlackElo "2384"]
[PlyCount "86"]
[EventDate "2003.03.??"]
[EventType "swiss"]
[EventRounds "9"]
[EventCountry "RUS"]
[SourceTitle "EXT 2004"]
[Source "ChessBase"]
[SourceDate "2003.11.25"]
[SourceVersion "1"]
[SourceVersionDate "2003.11.25"]
[SourceQuality "1"]

1. e4 c5 2. Nf3 d6 3. d4 cxd4 4. Nxd4 e5 5. Bb5+ Bd7 6. Bxd7+ Qxd7 7. Nb3 Nf6 8. Nc3 Qc6 9. Qe2 Na6 10. Bg5 Nc7 11. 0-0-0 Nd7 12. Kb1 a5 13. Nd5 a4 14. Nc1 Ne6 15. Be3 g6 16. a3 Bg7 17. Na2 Rc8 18. Nab4 Qc4 19. Qxc4 Rxc4 20. Nc3 Nd4 21. Bxd4 exd4 22. Nb5 Be5 23. Nd5 Rc5 24. Nxd4 0-0 25. f4 Bg7 26. Nc3 Nb6 27. Rd3 Ra8 28. Rhd1 Nc4 29. Nd5 f5 30. Ne6 fxe4 31. Nxc5 dxc5 32. Rg3 Nxb2 33. Re1 Nc4 34. Ka2 Rd8 35. Rxe4 Nd2 36. Ne7+ Kf7 37. Re2 Nb1 38. Ree3 Rd1 39. Nc8 c4 40. c3 Bf8 41. f5 b5 42. f6 Nxa3 43. Re2 Kxf6 1/2-1/2

[Event "RUS-ch 1/2 fin"]
[Site "Tula"]
[Date "2002.??.??"]
[Round "6"]
[White "Piraev, Philip"]
[Black "Fomin, Andrey"]
[Result "1/2-1/2"]
[WhiteElo "2400"]
[BlackElo "2223"]
[PlyCount "86"]
[EventDate "2002.??.??"]
[EventType "swiss"]
[EventRounds "9"]
[EventCountry "RUS"]
[SourceTitle "EXT 2003"]
[Source "ChessBase"]
[SourceDate "2002.11.25"]
[SourceVersion "1"]
[SourceVersionDate "2002.11.25"]
[SourceQuality "1"]

1. e4 e6 2. d4 d5 3. exd5 exd5 4. Nf3 Nf6 5. Bd3 Bd6 6. 0-0 0-0 7. Bg5 Be6 8. c3 Nbd7 9. Re1 Bg4 10. Nbd2 c6 11. Qc2 h6 12. Bh4 Qc7 13. Bg3 Rae8 14. Bxd6 Qxd6 15. h3 Bxf3 16. Nxf3 Rxe1+ 17. Rxe1 Re8 18. Rxe8+ Nxe8 19. Qe2 Nc7 20. Ne5 Ne6 21. g3 Nxe5 22. dxe5 Qe7 23. Kh2 g6 24. Qe3 Qc5 25. Qxc5 Nxc5 26. Bc2 Kg7 27. Kg2 f5 28. exf6+ Kxf6 29. Kf3 g5 30. Kg4 a5 31. h4 b5 32. hxg5+ hxg5 33. f3 Ne6 34. Bf5 Nc5 35. b4 axb4 36. cxb4 Na4 37. Bd7 Nc3 38. f4 gxf4 39. Kxf4 Nxa2 40. Bxc6 Nxb4 41. Bxb5 d4 42. Ke4 Kg5 43. Be2 Nc6 1/2-1/2

[Event "RUS-ch 1/2 fin"]
[Site "Tula"]
[Date "2002.??.??"]
[Round "5"]
[White "Piraev, Philip"]
[Black "Frolyanov, Dmitry"]
[Result "0-1"]
[WhiteElo "2400"]
[BlackElo "2295"]
[PlyCount "110"]
[EventDate "2002.??.??"]
[EventType "swiss"]
[EventRounds "9"]
[EventCountry "RUS"]
[SourceTitle "EXT 2003"]
[Source "ChessBase"]
[SourceDate "2002.11.25"]
[SourceVersion "1"]
[SourceVersionDate "2002.11.25"]
[SourceQuality "1"]

1. e4 c5 2. Nc3 Nc6 3. g3 g6 4. Bg2 Bg7 5. d3 e6 6. Be3 Nd4 7. Qd2 Ne7 8. Nd1 d6 9. c3 Ndc6 10. f4 0-0 11. Nf3 b5 12. 0-0 b4 13. d4 Ba6 14. Re1 bxc3 15. Nxc3 cxd4 16. Nxd4 Rb8 17. Nxc6 Nxc6 18. Rac1 Nb4 19. Bf1 Bxf1 20. Rxf1 Qe7 21. a3 Nc6 22. b4 Rfd8 23. Rfd1 Qb7 24. Qd3 Ne7 25. Na4 h5 26. Bf2 e5 27. Nc3 exf4 28. gxf4 Qd7 29. Kh1 Rbc8 30. f5 Bxc3 31. Rxc3 Rxc3 32. Qxc3 Qb7 33. Re1 Nxf5 34. Kg1 Ng7 35. Qd3 Ne6 36. Rd1 Qe7 37. Bg3 Qg5 38. Kh1 h4 39. Bxd6 Qh5 40. Rf1 h3 41. Rf2 Qg5 42. Rd2 Rc8 43. Bc5 Nxc5 44. bxc5 Rxc5 45. Qd8+ Qxd8 46. Rxd8+ Kg7 47. Kg1 Rc3 48. a4 Ra3 49. Rd4 Kf6 50. Rd6+ Ke5 51. Ra6 Kxe4 52. Rxa7 f5 53. Kf2 Kf4 54. Rh7 g5 55. Ke2 g4 0-1

[Event "RUS-ch 1/2 fin"]
[Site "Tula"]
[Date "2002.??.??"]
[Round "2"]
[White "Rodchenkov, Vitaly"]
[Black "Piraev, Philip"]
[Result "1/2-1/2"]
[WhiteElo "2255"]
[BlackElo "2400"]
[PlyCount "31"]
[EventDate "2002.??.??"]
[EventType "swiss"]
[EventRounds "9"]
[EventCountry "RUS"]
[SourceTitle "EXT 2003"]
[Source "ChessBase"]
[SourceDate "2002.11.25"]
[SourceVersion "1"]
[SourceVersionDate "2002.11.25"]
[SourceQuality "1"]

1. e4 e5 2. Nf3 Nc6 3. Bb5 Qf6 4. 0-0 Bc5 5. c3 Nge7 6. d3 a6 7. Ba4 h6 8. Be3 Bxe3 9. fxe3 0-0 10. Qe2 d5 11. Nbd2 dxe4 12. Nxe4 Qg6 13. Bb3 Be6 14. Nh4 Qg4 15. Qxg4 Bxg4 16. h3 1/2-1/2

[Event "RUS-Cup07"]
[Site "Togliatti"]
[Date "2001.08.13"]
[Round "6"]
[White "Piraev, Philip"]
[Black "Panarin, Mikhail"]
[Result "0-1"]
[WhiteElo "2404"]
[BlackElo "2377"]
[PlyCount "140"]
[EventDate "2001.08.08"]
[EventType "swiss"]
[EventRounds "9"]
[EventCountry "RUS"]
[SourceTitle "CBM 083 Extra"]
[Source "ChessBase"]
[SourceDate "2001.09.11"]
[SourceVersion "1"]
[SourceVersionDate "2001.09.11"]
[SourceQuality "1"]

1. e4 d6 2. d4 Nf6 3. Nc3 g6 4. f4 Bg7 5. Nf3 0-0 6. Be3 b6 7. Qd2 c5 8. e5 Ng4 9. 0-0-0 cxd4 10. Bxd4 dxe5 11. Nxe5 Nxe5 12. Bxe5 Qxd2+ 13. Rxd2 Bxe5 14. fxe5 Nc6 15. Bc4 Bf5 16. Re1 Rfd8 17. Rf2 Rd4 18. Bd5 Rc8 19. h3 h5 20. e6 f6 21. Bf3 h4 22. Nb5 Rdd8 23. Be4 Bxe4 24. Rxe4 a6 25. Nc3 g5 26. g3 hxg3 27. Rg2 Rd4 28. Re1 Nd8 29. Rxg3 Rc6 30. Rge3 Rdd6 31. h4 gxh4 32. Re4 Nxe6 33. Rxh4 Kf7 34. Rh7+ Kf8 35. Re3 Rc7 36. Ne4 Rdc6 37. c3 Kg8 38. Rh4 Nf8 39. Ng3 Rc5 40. Rb4 b5 41. Rg4+ Kf7 42. a4 Rc4 43. Rxc4 bxc4 44. Re4 Ng6 45. Nf5 Rc5 46. Nd4 Re5 47. Rg4 f5 48. Rg1 Kf6 49. b3 cxb3 50. Nxb3 Rd5 51. c4 Rd8 52. Kc2 f4 53. Nc5 Rc8 54. Nxa6 Rxc4+ 55. Kb3 Rc8 56. Kb4 e5 57. Nc5 Kf5 58. a5 f3 59. a6 Nf4 60. Rf1 e4 61. Kb5 Ne6 62. Nd7 Kf4 63. a7 e3 64. Nb6 Rd8 65. Kc6 e2 66. Nd5+ Rxd5 67. Rxf3+ Kxf3 68. a8Q e1Q 69. Qa3+ Ke4 70. Qb4+ Nd4+ 0-1

[Event "RUS-Cup07"]
[Site "Togliatti"]
[Date "2001.08.11"]
[Round "4"]
[White "Piraev, Philip"]
[Black "Shkliar, Alexander"]
[Result "1/2-1/2"]
[WhiteElo "2404"]
[BlackElo "2268"]
[PlyCount "101"]
[EventDate "2001.08.08"]
[EventType "swiss"]
[EventRounds "9"]
[EventCountry "RUS"]
[SourceTitle "CBM 083 Extra"]
[Source "ChessBase"]
[SourceDate "2001.09.11"]
[SourceVersion "1"]
[SourceVersionDate "2001.09.11"]
[SourceQuality "1"]

1. e4 e6 2. d4 d5 3. exd5 exd5 4. Bd3 Nc6 5. c3 Bd6 6. Qf3 Be6 7. Ne2 Qd7 8. h3 Nge7 9. Bf4 Bxf4 10. Nxf4 0-0-0 11. Nxe6 Qxe6+ 12. Kd1 Kb8 13. Nd2 f6 14. Kc2 Nc8 15. Qg4 Qf7 16. h4 Nd6 17. Rae1 f5 18. Qf4 Rde8 19. Nf3 Ne4 20. Ng5 Qf6 21. Nh3 Nd8 22. f3 Nd6 23. Qg5 Qf7 24. Re5 Nc6 25. Rxe8+ Rxe8 26. Nf4 Nd8 27. Qg3 Ne6 28. Re1 Nxf4 29. Rxe8+ Qxe8 30. Qxf4 Qa4+ 31. Kc1 Qd7 32. b3 a6 33. Kd2 g6 34. Qg5 b5 35. Qf6 Qe8 36. Qg7 f4 37. Kc2 Qf7 38. Qxf7 Nxf7 39. c4 c6 40. cxd5 cxd5 41. Kc3 Kc7 42. h5 gxh5 43. Bxh7 Ng5 44. Bf5 a5 45. b4 a4 46. Kd2 h4 47. Ke2 Kd6 48. Bg6 Kd7 49. Kd3 Ke7 50. Bf5 Kd6 51. Kc3 1/2-1/2

[Event "RUS-Cup07"]
[Site "Togliatti"]
[Date "2001.08.09"]
[Round "2"]
[White "Piraev, Philip"]
[Black "Zakhartsov, Viacheslav V"]
[Result "1/2-1/2"]
[WhiteElo "2404"]
[BlackElo "2496"]
[PlyCount "92"]
[EventDate "2001.08.08"]
[EventType "swiss"]
[EventRounds "9"]
[EventCountry "RUS"]
[SourceTitle "CBM 083 Extra"]
[Source "ChessBase"]
[SourceDate "2001.09.11"]
[SourceVersion "1"]
[SourceVersionDate "2001.09.11"]
[SourceQuality "1"]

1. e4 c5 2. Nc3 Nc6 3. Nge2 e6 4. d4 cxd4 5. Nxd4 Qc7 6. Be2 a6 7. 0-0 Nf6 8. Nxc6 bxc6 9. f4 d5 10. e5 Nd7 11. Qd3 Be7 12. Kh1 0-0 13. Qh3 f5 14. exf6 Nxf6 15. Qd3 Bd6 16. g3 e5 17. fxe5 Bxe5 18. Bf4 Bh3 19. Bxe5 Qxe5 20. Rf4 Rab8 21. Rb1 c5 22. Bf1 Be6 23. Bg2 d4 24. Ne4 Nxe4 25. Rxe4 Qd6 26. b3 Bf5 27. Qc4+ Kh8 28. Rf4 Be6 29. Rxf8+ Rxf8 30. Qe2 Bd5 31. Re1 h6 32. Bxd5 Qxd5+ 33. Kg1 a5 34. Qe4 Qf7 35. Qe2 Qd5 36. a4 Qf3 37. Qd2 Kh7 38. Rc1 Re8 39. Re1 Rf8 40. Rd1 Rf5 41. Re1 Rf6 42. Qd3+ Qxd3 43. cxd3 Rf3 44. Re5 Rxd3 45. Rxc5 Rxb3 46. Rxa5 Ra3 1/2-1/2